000 00750cam a22001935a 4500
001 ##J100738
008 000000s1911 000 0 eng u
035 _a(Sirsi) u100738
041 0 _aeng
050 0 4 _a692.5023 $2 18
110 2 _aQuantity Surveyors' Association
_93787
245 0 0 _aMemorandum and articles of association
_bamended articles
260 _a[S.l.]
_b[s.n.]
_c1911
300 _a37p.
_c22cm.
520 _aMemoradum outlines the objectives of the association. The articles cover the admission and retirement of members, the duties and powers of the council and the proceedings of general meetings. Amendments are attached to the document.
651 4 _aGreat Britain
_y1707-
690 _aQuantity surveying
_96263
942 _n0
999 _c99788
_d99788